Welcome to CU Library Online Public Access Catalogue (OPAC)

statistics made simple: (Record no. 1251)

MARC details
000 -LEADER
fixed length control field 00441nam a22001577a 4500
005 - DATE AND TIME OF LATEST TRANSACTION
control field 20241115130224.0
008 - FIXED-LENGTH DATA ELEMENTS--GENERAL INFORMATION
fixed length control field 241115b |||||||| |||| 00| 0 eng d
020 ## - INTERNATIONAL STANDARD BOOK NUMBER
International Standard Book Number 8120317416
050 ## - LIBRARY OF CONGRESS CALL NUMBER
Classification number HA 29 SAR
Item number xiii,257p,
100 ## - MAIN ENTRY--PERSONAL NAME
Personal name Sarma K. V. S
245 ## - TITLE STATEMENT
Title statistics made simple:
Remainder of title Do it yourself on PC
260 ## - PUBLICATION, DISTRIBUTION, ETC.
Place of publication, distribution, etc. New Delhi
Name of publisher, distributor, etc. Prentice-Hall of India
Date of publication, distribution, etc. 2002c
300 ## - PHYSICAL DESCRIPTION
Extent xiii,257p.
500 ## - GENERAL NOTE
General note appendix, tablesindex
942 ## - ADDED ENTRY ELEMENTS (KOHA)
Source of classification or shelving scheme Library of Congress Classification
Koha item type Books
Suppress in OPAC No
999 ## -
-- 1251
-- 1251
Holdings
Withdrawn status Lost status Source of classification or shelving scheme Damaged status Not for loan Collection Home library Current library Shelving location Date acquired Inventory number Total checkouts Full call number Barcode Date last seen Copy number Price effective from Koha item type
    Library of Congress Classification     Non-fiction Graduate Library (Christ Temple) Graduate Library (Christ Temple) General stacks 11/15/2024 1   HA 29 HAR GSCT00000086 11/15/2024 1 11/15/2024 Books
    Library of Congress Classification     Non-fiction Graduate Library (Christ Temple) Graduate Library (Christ Temple) General stacks 11/15/2024 1   HA 29 HAR GSCT00000087 11/15/2024 2 11/15/2024 Books
    Library of Congress Classification     Non-fiction Graduate Library (Christ Temple) Graduate Library (Christ Temple) General stacks 11/15/2024 1   HA 29 HAR GSCT00000088 11/15/2024 3 11/15/2024 Books
    Library of Congress Classification     Non-fiction Graduate Library (Christ Temple) Graduate Library (Christ Temple) General stacks 11/15/2024 1   HA 29 HAR GSCT00000089 11/15/2024 4 11/15/2024 Books
© 2023-2024 Copyright: Central University Libraries. All Rights Reserved | Created by: Mahone Tech Office